Ranna. (Record no. 179960)
[ view plain ]
| 000 -LEADER | |
|---|---|
| fixed length control field | 00668nam a2200241Ia 4500 |
| 003 - CONTROL NUMBER IDENTIFIER | |
| control field | OSt |
| 005 - DATE AND TIME OF LATEST TRANSACTION | |
| control field | 20240403143727.0 |
| 008 - FIXED-LENGTH DATA ELEMENTS--GENERAL INFORMATION | |
| fixed length control field | 210707s1973 xx 000 0 und d |
| 040 ## - CATALOGING SOURCE | |
| Transcribing agency | AL |
| 041 ## - LANGUAGE CODE | |
| Language code of text/sound track or separate title | Kannada |
| 082 ## - DEWEY DECIMAL CLASSIFICATION NUMBER | |
| Classification number | K894.9 SITR |
| 100 ## - MAIN ENTRY--PERSONAL NAME | |
| Personal name | SITARAMAYYA (V), Ed |
| Dates associated with a name | ವಿ.ಸೀತಾರಾಮಯ್ಯ |
| 9 (RLIN) | 158094 |
| 245 ## - TITLE STATEMENT | |
| Title | Ranna. |
| Remainder of title | ರನ್ನ |
| 260 ## - PUBLICATION, DISTRIBUTION, ETC. | |
| Place of publication, distribution, etc. | Bengaluru |
| Name of publisher, distributor, etc. | Ai Bi Ech Prakashana |
| Date of publication, distribution, etc. | 1973 |
| 300 ## - PHYSICAL DESCRIPTION | |
| Extent | vii,205 p |
| 365 ## - TRADE PRICE | |
| Price amount | 12 |
| Currency code | INR |
| 440 ## - SERIES STATEMENT/ADDED ENTRY--TITLE | |
| Volume/sequential designation | 4 |
| 563 ## - BINDING INFORMATION | |
| Binding note | HB |
| 650 ## - SUBJECT ADDED ENTRY--TOPICAL TERM | |
| Topical term or geographic name entry element | Kannada Criticism |
| 9 (RLIN) | 158095 |
| 700 ## - ADDED ENTRY--PERSONAL NAME | |
| Personal name | Sheshagirirav |
| Dates associated with a name | ಶೇಷಗಿರಿರಾವ್ |
| 9 (RLIN) | 158096 |
| 906 ## - LOCAL DATA ELEMENT F, LDF (RLIN) | |
| a | Kavi Kavya Parampare |
| 942 ## - ADDED ENTRY ELEMENTS (KOHA) | |
| Source of classification or shelving scheme | Dewey Decimal Classification |
| Koha item type | Book |
| Withdrawn status | Lost status | Damaged status | Not for loan | Collection code | Home library | Current library | Date acquired | Cost, normal purchase price | Total Checkouts | Full call number | Barcode | Date last seen | Price effective from | Koha item type |
|---|---|---|---|---|---|---|---|---|---|---|---|---|---|---|
| St Aloysius Library | St Aloysius Library | 09/18/1976 | 12.00 | K894.9 SITR | BB03274 | 07/08/2021 | 07/08/2021 | Book Bank |